000 00730cam a2200229 4500
001 M99651
008 000000n1996 000 0 eng u
022 _a13573098
035 _a(Sirsi) u104322
041 _a333.72
110 _aAssociation of Community Technical Aid Centres
_93833
245 _aGreen Building Digest: Roofing materials
260 _aLiverpool
_bACTAC
_c1996
300 _a27p. ; 30cm.
490 _aGreen Building Digest
_vIssue No.11 June/July 1996
650 _aGREEN BUILDINGS
650 _aEnvironment
_96238
650 _aBUILT ENVIRONMENT-BUILDING MATERIALS
650 _aECO-FRIENDLY
690 _aBUILT ENVIRONMENT-BUILDING MAINTENANCE AND REFURBISHMENT-BUILDING CONSERVATION
942 _n0
999 _c100240
_d100240